| 000 | 00475nam a22001817a 4500 | ||
|---|---|---|---|
| 003 | MPLRDC | ||
| 005 | 20220104143300.0 | ||
| 008 | 210129b ||||| |||| 00| 0 eng d | ||
| 020 | _a7-204-02026-X | ||
| 082 | _a310.7 HXF v.56 | ||
| 100 | _a韩晓峰等编著 | ||
| 245 |
_a小学生数学卡通. 五.六年级 _c |
||
| 250 | _a一版一刷 | ||
| 260 |
_a _b内蒙古人民出版社 _c1993 |
||
| 300 | _b平 | ||
| 650 | _a小学数学总论 | ||
| 942 |
_cBK _o310.7 HXF v.56 |
||
| 999 |
_c38375 _d38365 |
||